Markov random fields and their applications
Αποθηκεύτηκε σε:
| Κύριος συγγραφέας: | |
|---|---|
| Άλλοι συγγραφείς: | |
| Μορφή: | Βιβλίο |
| Γλώσσα: | English |
| Δημοσίευση: |
Providence, Rhode island :
American Mathematical Society,
c1980
|
| Σειρά: | Contemporary mathematics (American Mathematical Society) ;
; 1 |
| Θέματα: | |
| Ετικέτες: |
Προσθήκη ετικέτας
Δεν υπάρχουν, Καταχωρήστε ετικέτα πρώτοι!
|
MARC
| LEADER | 00000nam a2200000 i 4500 | ||
|---|---|---|---|
| 001 | 1/92080 | ||
| 008 | 991109s1980 eng d | ||
| 020 | |a 0821850016 | ||
| 035 | |l 10053891 | ||
| 040 | |a GR-MY-UA |b gre |e aacr | ||
| 041 | 0 | |a eng | |
| 082 | 0 | |a 519.2 | |
| 100 | 1 | |a Kindermann, Ross |d 1950- | |
| 245 | 1 | 0 | |a Markov random fields and their applications / |c Ross Kindermann, J. Laurie Snell |
| 260 | |a Providence, Rhode island : |b American Mathematical Society, |c c1980 | ||
| 300 | |a ix, 142 p.; |b ill.; |c 25 cm. | ||
| 490 | 1 | |a Contemporary mathematics |v ; 1 | |
| 500 | |a Includes bibliography | ||
| 650 | 0 | 0 | |a Markov random fields. |
| 700 | 1 | |a Snell, J. Laurie |q (James Laurie) |d 1925- | |
| 830 | 0 | |a Contemporary mathematics (American Mathematical Society) ; |v ; 1 | |
| 852 | |a INST |b SAMOS |e 19991109 |h 519.2 KIN |p 005300016797 |q 005300016797 |t BK |y 0 | ||
| 901 | |a BIBL3-1999-3 | ||
| 909 | |a Σ |b 067469 | ||
| 922 | |a 3ΕΛΗ |b 199911 |c ΕΠΕΑΕΚ/ΜΑΘ |d ΠΑΠΑΣΩΤΗΡΙΟΥ | ||
| 970 | |a ΓΕΝΟΥΖΟΥ |b ΧΡΥΣΑΝΘΗ |z 1999/11/09 | ||